Normal view
MARC view
- Ludwig, Fulco,
Entry Personal Name
001 - CONTROL NUMBER
- control field: 24999
003 - CONTROL NUMBER IDENTIFIER
- control field: NUST
005 - DATE AND TIME OF LATEST TRANSACTION
- control field: 20191029183529.0
008 - FIXED-LENGTH DATA ELEMENTS
- fixed length control field: 191029|| aca||aabn | a|a d
040 ## - CATALOGING SOURCE
- Original cataloging agency: NUST
- Transcribing agency: NUST
100 ## - HEADING--PERSONAL NAME
- Personal name: Ludwig, Fulco,
- Dates associated with a name: 1972-
670 ## - SOURCE DATA FOUND
- Source citation: Work cat.: (NUST)0: Ludwig, Fulco 24998, Climate change adaptation in the water sector /, 2009.
